Ошибка в объекте: Криминальные романы; Ошибка в объекте; С утра до вечера вопросы; И запела свирель человеческим голосом

Bibliographische Detailangaben
1. Verfasser: Пронин В. А. Виктор Алексеевич
Zusammenfassung:Исключено из фонда НТБ ТПУ
Sprache:Russisch
Veröffentlicht: Москва, Сигма-пресс, 1994
TOC:Ошибка в объекте;
С утра до вечера вопросы;
И запела свирель человеческим голосом;
Schriftenreihe:Криминальный экспресс
Format: Buch
KOHA link:https://koha.lib.tpu.ru/cgi-bin/koha/opac-detail.pl?biblionumber=100961

MARC

LEADER 00000nam0a2200000 4500
001 100961
005 20231031112351.0
010 |a 5859490039 
020 |a RU  |b 94-11062 
035 |a (RuTPU)RU\TPU\book\108677 
035 |a RU\TPU\book\108676 
090 |a 100961 
100 |a 20060829d1994 m y0rusy5003 ca 
101 0 |a rus 
102 |a RU 
105 |a c z 000ay 
200 1 |a Ошибка в объекте  |e Криминальные романы  |f Виктор Пронин 
210 |a Москва  |c Сигма-пресс  |d 1994 
215 |a 510 с. 
225 1 |a Криминальный экспресс 
333 |a Исключено из фонда НТБ ТПУ 
464 |t Ошибка в объекте 
464 |t С утра до вечера вопросы 
464 |t И запела свирель человеческим голосом 
700 1 |a Пронин  |b В. А.  |g Виктор Алексеевич  |4 070 
801 0 |a RU  |b RuMRKP  |c 19950413  |g psbo 
801 1 |a RU  |b 63413507  |c 20060829  |g PSBO 
801 2 |a RU  |b 63413507  |c 20170906  |g PSBO 
942 |c BK